Eduación, familia y vida cotidiana en México virreinal / (Record no. 194534)
[ view plain ]
| 000 -CABECERA | |
|---|---|
| campo de control de longitud fija | 00772nam a2200217 u 4500 |
| 005 - FECHA Y HORA DE LA ÚLTIMA TRANSACCIÓN | |
| campo de control | 20240227063618.0 |
| 008 - ELEMENTOS DE LONGITUD FIJA--INFORMACIÓN GENERAL | |
| campo de control de longitud fija | 180125s2013 mx r 000 0 spa d |
| 020 ## - NÚMERO INTERNACIONAL NORMALIZADO PARA LIBROS | |
| Número Internacional Estándar del Libro | 9786074624144 |
| 035 ## - NÚMERO DE CONTROL DEL SISTEMA | |
| Número de control de sistema | UPN01000222437 |
| 049 ## - COLECCIÓN | |
| Colección | CG |
| 050 #4 - SIGNATURA TOPOGRÁFICA DE LA BIBLIOTECA DEL CONGRESO | |
| Número de clasificación | HQ561 |
| Número de documento/Ítem | G6.4 |
| 100 1# - ASIENTO PRINCIPAL--NOMBRE PERSONAL | |
| Nombre de persona | Gonzalbo, Pilar, |
| Fechas asociadas al nombre | 1935-2024 |
| 9 (RLIN) | 28880 |
| 245 00 - MENCIÓN DE TÍTULO | |
| Título | Eduación, familia y vida cotidiana en México virreinal / |
| Mención de responsabilidad, etc. | Pilar Gonzalbo Aizpuru. |
| 260 ## - PUBLICACIÓN, DISTRIBUCIÓN, ETC. | |
| Lugar de publicación, distribución, etc. | México : |
| Nombre del editor, distribuidor, etc. | El Colegio de México, Centro de Estudios Históricos, |
| Fecha de publicación, distribución, etc. | 2013. |
| 300 ## - DESCRIPCIÓN FÍSICA | |
| Extensión | 168 p. : |
| Otras características físicas | il., cuadros + |
| Material acompañante/anejo | 1 CD-ROM ; 4 3/4 plgs. |
| 650 #4 - ASIENTO SECUNDARIO DE MATERIA - TERMINO TEMATICO | |
| Término de materia o nombre geográfico como elemento de entrada | Familias |
| Subdivisión geográfica | México |
| Subdivisión general | Historia |
| 9 (RLIN) | 7967 |
| 650 #4 - ASIENTO SECUNDARIO DE MATERIA - TERMINO TEMATICO | |
| Término de materia o nombre geográfico como elemento de entrada | MATRIMONIO - |
| Subdivisión geográfica | MEXICO - |
| Subdivisión general | HISTORIA |
| 9 (RLIN) | 24531 |
| 651 #4 - ASIENTO SECUNDARIO DE MATERIA - NOMBRE GEOGRAFICO | |
| Nombre geográfico | MEXICO - |
| Subdivisión general | VIDA SOCIAL Y COSTUMBRES - |
| -- | HISTORIA |
| 9 (RLIN) | 24186 |
| 905 ## - TIPO DE MATERIAL | |
| Tipo de material | Libro |
| Estado de retiro | Estado de pérdida | Fuente del sistema de clasificación o colocación | Estado dañado | No para préstamo | Código de colección | Localización permanente | Ubicación/localización actual | Ubicación en estantería | Total de préstamos | Clasificación | Código de barras | Fecha visto por última vez | Número de copia | Tipo de ítem Koha |
|---|---|---|---|---|---|---|---|---|---|---|---|---|---|---|
| Library of Congress Classification | Colección General | Bib. Gregorio Torres Quintero | Bib. Gregorio Torres Quintero | Planta baja | HQ561 G6.4 | 322149 | 31/12/2020 | 1 | Libro |
